000 00399pab a2200145 454500
008 180718b1985 xxu||||| |||| 00| 0 eng d
100 _aBello - Imam, I.B.
245 _aFinancing municipal governments
_bThe case of Nigerian local Government councils
260 _c1985
300 _a77-96
362 _aJuly-Sept.
650 _aMunicipal Finance - Nigeria
773 _aNagarlok
909 _a13877
999 _c13877
_d13877